000 00595nam a2200229Ia 4500
003 OSt
005 20230509104523.0
008 210423s2013 xx 000 0 und d
020 _a978-81-9264-950-4
040 _cAL
041 _aeng
082 _a658.802 GUPH
100 _aGUPTA (N K).
_9100428
245 _aHandbook on marketing awareness.
260 _aBangalore
_bIBC Academy
_c2013
300 _aiii,112
_bPB
365 _b185
_cINR
650 _aManagement
_9100429
650 _aMarketing Management
_9100430
906 _aawareness. ; Handbook ; marketing
942 _2ddc
_cBK
999 _c165554
_d165554